| 000 | 00394cam a2200169ua 4500 | ||
|---|---|---|---|
| 020 | _c3.00 | ||
| 041 |
_ahin _h |
||
| 082 |
_a891.54 _bMYD/GU |
||
| 100 | _aMythili Sharan, Gupta. | ||
| 245 |
_aGurukul / _cMydhili Sharan Gupta. _hTextual Documents |
||
| 260 |
_a : _bSahitya Sadan , _c1963. |
||
| 300 | _a268 ; . | ||
| 365 | _a3.00 | ||
| 504 | _a | ||
| 942 | _cBK | ||
| 999 |
_c8044 _d8044 |
||